000
00466nam a2200181Ia 4500
008
100917s9999 xx 000 0 und d
082
_b
45286
100
_a
चिखले सुरेश
245
_a
झुंबर
260
_b
नम्रता मुळे
_c
1981
300
_a
115
365
_b
18
520
_a
कादंबरी
630
_a
झुंबर
650
_a
कादंबरी
730
_a
झुंबर
942
_c
BOOK
999
_c
650680
_d
650677